004730000a220010900045001000021000002450155000213000058001767730014002349420008002489520090002569990017003461 aGrillo, Andrés10aSuicidios color verde oliva : Desde 1978 hata hoy (1994) se han suicidado 746 militares, la mayoría eran jóvenes que tenían entre 18 y 24 años aVol. 42, Num. 42 (Marzo-Abril, 1994), Páginas 22-230 tCambio 16 cANA 001040708HEMaFUSBCbFUSBCd2016-01-26l0o r2016-01-26 00:00:00w2016-01-26yANA c58410d58410